Star Trek TV Series - Sudden Death - Statistics

General Stats
  • This quiz has been taken 555 times
  • The average score is 6 of 10
Answers on the Grid
Answers color-coded by a green-red scale on the quiz's grid according to % correct below.
Star Trek: The Next Generation
Star Trek: Voyager
Star Trek: Deep Space Nine
Star Trek: Enterprise
Star Trek: Discovery
Star Trek: Picard
Star Trek: Prodigy
Star Trek: Strange New Worlds
Star Trek: Lower Decks
Star Trek: The Animated Series
Star Trek: Andor
Star Trek: Legacy
Star Trek: Of Gods and Men
Star Trek: Birth of the Federation
Star Trek: Generations
Star Trek: First Contact
Star Trek: Section 31
Star Trek: Skeleton Crew
Star Trek: Galacticus
Star Trek: The Final Frontier
 
Answer Stats
Answer % Correct
Star Trek: The Next Generation
76%
Star Trek: Voyager
76%
Star Trek: Deep Space Nine
74%
Star Trek: Enterprise
70%
Star Trek: Picard
69%
Star Trek: Discovery
66%
Star Trek: Lower Decks
63%
Star Trek: Strange New Worlds
58%
Star Trek: The Animated Series
58%
Star Trek: Prodigy
39%
No matching quizzes found
Score Distribution
Percent of People with Each Score
Percentile by Number Answered
Your Score History
You have not taken this quiz